000 00386nam a2200145Ia 4500
008 150201s1998 xx 000 0 und d
082 _a617.645
_bB1998B
100 _aBARTOLD,P. MARK
245 _aBIOLOGY OF THE PERIODONTAL CONNECTIVE TISSUES
250 _a1ST
260 _bQUINTESSENCE PUBLICATION
_aCHICAGO
_c1998
300 _a1-278
650 _aPERIODONTICS
942 _2ddc
_cBK
_02
999 _c4650
_d4650